এশিয়ার রঙ্গমঞ্চ: (Record no. 27106)
[ view plain ]
| 000 -LEADER | |
|---|---|
| fixed length control field | 01001nam a22002057a 4500 |
| 003 - CONTROL NUMBER IDENTIFIER | |
| control field | BDDh-ASL |
| 005 - DATE AND TIME OF LATEST TRANSACTION | |
| control field | 20231015030727.0 |
| 008 - FIXED-LENGTH DATA ELEMENTS--GENERAL INFORMATION | |
| fixed length control field | 211011s1982 b ||||| |||| 00| 0 b d |
| 040 ## - CATALOGING SOURCE | |
| Transcribing agency | BDDh-ASL |
| 082 ## - DEWEY DECIMAL CLASSIFICATION NUMBER | |
| Classification number | 950 |
| Item number | SHA |
| 100 1# - MAIN ENTRY--PERSONAL NAME | |
| 9 (RLIN) | 5385 |
| Personal name | মিরডাল, গুনার |
| 245 10 - TITLE STATEMENT | |
| Title | এশিয়ার রঙ্গমঞ্চ: |
| Remainder of title | [দক্ষিণ এশিয়ার জাতিসমূহের দারিদ্র সমস্যার অনুসন্ধান], দ্বিতীয় খণ্ড / |
| Statement of responsibility, etc. | রায়হান শরীফ (অনূদিত)। |
| 246 ## - VARYING FORM OF TITLE | |
| Title proper/short title | Asiar Rangamancho. Volume-02 |
| 260 ## - PUBLICATION, DISTRIBUTION, ETC. | |
| Place of publication, distribution, etc. | ঢাকা: |
| Name of publisher, distributor, etc. | বাংলা একাডেমি, |
| Date of publication, distribution, etc. | ১৯৮২। |
| 300 ## - PHYSICAL DESCRIPTION | |
| Extent | ৪১২ পৃষ্ঠা, : |
| Dimensions | ২৪ সে. মি. |
| 650 #0 - SUBJECT ADDED ENTRY--TOPICAL TERM | |
| 9 (RLIN) | 4586 |
| Topical term or geographic name entry element | History (ইতিহাস) |
| 650 #0 - SUBJECT ADDED ENTRY--TOPICAL TERM | |
| 9 (RLIN) | 5386 |
| Topical term or geographic name entry element | History of Asia (এশিয়ার ইতিহাস) |
| 700 1# - ADDED ENTRY--PERSONAL NAME | |
| 9 (RLIN) | 5387 |
| Personal name | শরীফ, রায়হান |
| 942 ## - ADDED ENTRY ELEMENTS (KOHA) | |
| Source of classification or shelving scheme | Dewey Decimal Classification |
| Koha item type | Books |
| Withdrawn status | Lost status | Source of classification or shelving scheme | Damaged status | Not for loan | Collection code | Home library | Current library | Shelving location | Date acquired | Source of acquisition | Serial Enumeration / chronology | Total Checkouts | Full call number | Barcode | Date last seen | Copy number | Price effective from | Koha item type | Public note |
|---|---|---|---|---|---|---|---|---|---|---|---|---|---|---|---|---|---|---|---|
| Dewey Decimal Classification | Non-fiction | Asiatic Society Library | Asiatic Society Library | General Stacks | 10/23/2021 | ASB Collection | V-2 | 950 SHA | 113187 | 10/23/2021 | C-1 | 10/23/2021 | Books | RARE |